[Event "FSFMA November"]
[Site "Budapest HUN"]
[Date "2010.12.07"]
[Round "4"]
[White "Czibulka,Z"]
[Black "Letay,G"]
[Result "1-0"]
[WhiteElo "2092"]
[BlackElo "2089"]

1.Nf3 d5 2.c4 e6 3.b3 c6 4.Bb2 f5 5.g3 Nf6 6.Bg2 Bd6 7.O-O O-O 8.Nc3 Qe7
9.d3 e5 10.cxd5 cxd5 11.Nb5 Re8 12.d4 e4 13.Ne5 Nc6 14.Nxd6 Qxd6 15.Rc1 Be6
16.e3 Nd7 17.Nxd7 Bxd7 18.a3 Kh8 19.Rc3 Re7 20.f3 exf3 21.Qxf3 Be6 22.Rc5 Rd8
23.Rfc1 Rf7 24.b4 a6 25.Bf1 Nb8 26.Bd3 Rdf8 27.Qf4 Qd8 28.Rc7 Nc6 29.Rxf7 Rxf7
30.Bc3 b5 31.Qf1 Ne7 32.Qe1 Kg8 33.Qe2 Ng6 34.Bd2 Qf6 35.Qf2  1-0

[Event "2nd Pilsen Open"]
[Site "Plzen CZE"]
[Date "2010.12.07"]
[Round "4"]
[White "Plischki,S"]
[Black "Palek,M"]
[Result "1-0"]
[WhiteElo "2360"]
[BlackElo "2261"]

1.Nf3 d5 2.c4 Nf6 3.cxd5 Nxd5 4.e4 Nb6 5.d4 g6 6.Nc3 Bg7 7.Be3 O-O 8.h3 c6
9.Rc1 N8d7 10.Be2 e5 11.O-O Qe7 12.d5 cxd5 13.exd5 e4 14.d6 Qe8 15.Ng5 Nf6
16.Bb5 Bd7 17.Bxd7 Nbxd7 18.Qc2 Rc8 19.Ngxe4 Nd5 20.Nxd5 Rxc2 21.Ne7+ Kh8
22.Rxc2 Be5 23.Bh6 Bxd6 24.Nxg6+ hxg6 25.Nxd6 Qe7 26.Bxf8 Nxf8 27.Rd1 Kg7
28.Rcd2 b6 29.g3 Qe6 30.h4 Qxa2 31.Ne8+ Kh6 32.Nf6 Kg7 33.Nd7 Ne6 34.Ne5 Qa5
35.Rd5 Nc5 36.Nd7 Qb4 37.Nxc5 bxc5 38.Rc1 Qxb2 39.Rcxc5 Qb1+ 40.Kh2 Qe1 41.Rc2 Qe4
42.Rdc5 Qa4 43.R2c4 Qa2 44.Rf4 a5 45.Kg2 Kg8 46.Rf3 Kg7 47.h5 gxh5 48.Rxh5 Kg6
49.Rc5 Kg7 50.Rff5 a4 51.Rf3 Qd2 52.Rcf5 Qd7 53.Kh2 Qa7 54.Ra3 Qa6 55.Rf4 Qh6+
56.Kg1 Qd6 57.Raxa4 Qd1+ 58.Kg2 Qd5+ 59.Rf3 Kg6 60.Rg4+ Kh5 61.Rf4 Kg6 62.Rxf7  1-0

[Event "FSIM November"]
[Site "Budapest HUN"]
[Date "2010.12.08"]
[Round "5"]
[White "Kholopov,A"]
[Black "To,N"]
[Result "0-1"]
[WhiteElo "2309"]
[BlackElo "2400"]

1.Nf3 d5 2.c4 c6 3.d4 Nf6 4.Nc3 dxc4 5.a4 Bf5 6.e3 e6 7.Bxc4 Bb4 8.O-O Nbd7
9.Qe2 Bg4 10.h3 Bh5 11.e4 Nb6 12.Bb3 Bxf3 13.Qxf3 Qxd4 14.Rd1 Qe5 15.a5 Nbd7
16.Bf4 Qh5 17.g4 Qg6 18.a6 b6 19.e5 Nd5 20.Ne4 f5 21.exf6 N7xf6 22.Nd6+ Bxd6
23.Bxd6 h5 24.Rac1 hxg4 25.hxg4 Kd7 26.Bg3 Qxg4 27.Bxd5 exd5 28.Qc3 Rac8
29.Qe5 Qe6 30.Qg5 Rh7 31.Re1 Ne4 32.Qf4 g5 33.Qf3 Rch8  0-1

[Event "FSFMA November"]
[Site "Budapest HUN"]
[Date "2010.12.10"]
[Round "7"]
[White "Czibulka,Z"]
[Black "Tessedik,K"]
[Result "1-0"]
[WhiteElo "2092"]
[BlackElo "1993"]

1.Nf3 d5 2.c4 c6 3.b3 e6 4.Bb2 Nd7 5.g3 Ngf6 6.Bg2 Bd6 7.Nc3 Qe7 8.O-O Ne5
9.d3 Nxf3+ 10.Bxf3 h5 11.e3 h4 12.Ne2 hxg3 13.fxg3 Bd7 14.Qd2 O-O-O 15.Bd4 c5
16.Bxf6 gxf6 17.cxd5 exd5 18.Nf4 Bxf4 19.exf4 Qd6 20.d4 Kb8 21.dxc5 Qxc5+
22.Qf2 Qxf2+ 23.Rxf2 Bf5 24.Re2 Rd7 25.h4 Rhd8 26.Kf2 Bd3 27.Rd2 Be4 28.g4 f5
29.g5 d4 30.h5 Rc7 31.Rad1 Rc2 32.Rxc2 Bxc2 33.Rd2 Be4 34.h6 Kc7 35.Bh5  1-0

[Event "I Jorge Duarte IM"]
[Site "Buenos Aires ARG"]
[Date "2010.12.14"]
[Round "4"]
[White "Varela,G"]
[Black "Liascovich,L"]
[Result "0-1"]
[WhiteElo "2389"]
[BlackElo "2437"]

1.Nf3 d5 2.c4 d4 3.b4 f6 4.d3 e5 5.a3 c5 6.g3 cxb4 7.Bg2 Nc6 8.O-O Be6 9.e3 dxe3
10.Bxe3 e4 11.Nfd2 exd3 12.axb4 Bxb4 13.Qh5+ Kf8 14.Qb5 Nge7 15.Re1 Qd7 16.Bc5 Bxc5
17.Qxc5 Rc8 18.Qe3 Kf7 19.Nc3 Rhe8 20.Nce4 b6 21.c5 Nf5 22.Qf4 g5 23.Qf3 Kg7
24.g4 Ne5 25.Qh3 Nh4 26.Nxg5 fxg5 27.Rxe5 Rxc5 28.Rxc5 bxc5 29.Qe3 Nxg2 30.Qxg5+ Kh8
31.Qe5+ Qg7 32.Qxg7+ Kxg7 33.Rxa7+ Kg6 34.Kxg2 Bd5+ 35.Kg3 Re2 36.Rd7 Rxd2
37.Rxd5 c4 38.Kf3 c3 39.Ke3 Rd1  0-1

[Event "17th Open A"]
[Site "Zadar CRO"]
[Date "2010.12.15"]
[Round "6.10"]
[White "Kozul,Z"]
[Black "Jakic,I"]
[Result "1/2-1/2"]
[WhiteElo "2595"]
[BlackElo "2399"]

1.Nf3 d5 2.c4 c6 3.e3 Nf6 4.Nc3 e6 5.Qc2 Nbd7 6.b3 Bd6 7.Bb2 O-O 8.h3 e5
9.cxd5 cxd5 10.Nb5 Bb8 11.Rc1 e4 12.Nfd4 a6 13.Nc7 Bxc7 14.Qxc7 Qxc7 15.Rxc7 Ne5
16.Be2 Rb8 17.O-O Bd7 18.Rfc1 Rfd8 19.g4 Ng6 20.Kh2 Ne8 21.R7c5 Be6 22.Kg3 Ne7
23.Nxe6 fxe6 24.d3 exd3 25.Bxd3 Rbc8 26.f4 Rxc5 27.Rxc5 g6 28.e4 Kf7 29.Kf3 Rd7
30.Ke3 Nd6 31.e5 Ndc8 32.Rc1 Na7 33.Ba3 Nac6 34.Bd6 Na7 35.a4 Nac8 36.Bc5 Rc7
37.a5 Ke8 38.Kd2 Nc6 39.b4 Rf7 40.b5 Nxa5 41.Rb1 axb5 42.f5 gxf5 43.gxf5 Nc4+
44.Bxc4 bxc4 45.fxe6 Rc7 46.Bb4 Rc6 47.Kc3 Rxe6 48.Kd4 Nb6 49.Bd6 Nc8 50.Kxd5 Rh6
51.Rxb7 Rxh3 52.Bb4 c3 53.Rc7 Nb6+ 54.Kc6 Rh6+ 55.Bd6 Nc4 56.Kd5 Nxd6 57.exd6 Rh3
58.Rc4 Kd7 59.Rc7+ Kd8 60.Rc4 Kd7 61.Rc7+ Kd8 62.Rc4 Kd7 63.Rc7+ Kd8 64.Rc4  1/2-1/2

[Event "7th UTD GM"]
[Site "Richardson USA"]
[Date "2010.12.16"]
[Round "1"]
[White "Sadorra,J"]
[Black "Panchanathan,M"]
[Result "1-0"]
[WhiteElo "2473"]
[BlackElo "2546"]

1.Nf3 d5 2.c4 c6 3.d4 Nf6 4.Nbd2 Bf5 5.Nh4 Bg6 6.Qb3 Qc7 7.Nxg6 hxg6 8.g3 e6
9.Bg2 Nbd7 10.Qc2 Qb6 11.e3 Be7 12.b3 Ng4 13.h3 Nh6 14.g4 f5 15.Bb2 Nf7 16.O-O-O Qa5
17.Kb1 Nd6 18.f3 Kf7 19.e4 f4 20.Bf1 Rh6 21.Bd3 Nf8 22.exd5 exd5 23.Rde1 Bf6
24.c5 Nb5 25.Nc4 Qd8 26.Ne5+ Bxe5 27.Rxe5 Nc7 28.g5 Rh5 29.Bxg6+ Nxg6 30.Qf5+ Kg8
31.Qxg6 Rh4 32.Rhe1 Qf8 33.Re7 Rc8 34.Rxc7 Rxc7 35.Re8 Rf7 36.Rxf8+ Rxf8
37.Bc1 Kh8 38.Qd6 Rg8 39.Bxf4 Rxh3 40.Be5  1-0

[Event "European Rapid Championship"]
[Site "Warsaw POL"]
[Date "2010.12.18"]
[Round "8"]
[White "Markowski,T"]
[Black "Wojtaszek,R"]
[Result "1-0"]
[WhiteElo "2625"]
[BlackElo "2726"]

1.Nf3 d5 2.c4 c6 3.d4 Nf6 4.Qb3 dxc4 5.Qxc4 Bg4 6.Nc3 Nbd7 7.e4 Bxf3 8.gxf3 e5
9.Be3 Bd6 10.O-O-O exd4 11.Qxd4 Qc7 12.Qxd6  1-0

[Event "European Rapid Championship"]
[Site "Warsaw POL"]
[Date "2010.12.18"]
[Round "8"]
[White "Kantans,T"]
[Black "Swiercz,D"]
[Result "0-1"]
[WhiteElo "2342"]
[BlackElo "2522"]

1.Nf3 d5 2.c4 e6 3.g3 dxc4 4.Bg2 a6 5.a4 Nf6 6.O-O Nbd7 7.Qc2 Be7 8.a5 Nc5
9.Qxc4 Qd5 10.Qc2 Qb3 11.Na3 Qxc2 12.Nxc2 Nb3 13.Ra2 Bd7 14.Ne5 Nd5 15.d3 Bb5
16.Be3 f6 17.Nc4 Bxc4 18.dxc4 Nxe3 19.Nxe3 O-O-O 20.Be4 Nd2 21.Bd3 Nxf1 22.Kxf1 f5
23.Nc2 g6 24.f4 Bf6 25.b4 e5 26.fxe5 Bxe5 27.b5 Bd4 28.bxa6 bxa6 29.Nb4 c5
30.Nd5 Kd7 31.Kg2 Rb8 32.Nb6+ Kd6 33.e4 fxe4 34.Bxe4 Rhe8 35.Bd5 Re1 36.Ra3 Rf8
37.Bf3 Rb1 38.Nd5 g5 39.Kh3 Rb2 40.Kg4 Rxh2 41.Rb3 Rb2 42.Rd3 h6 43.Nc3 Ke5
44.Na4 Rf2 45.Bb7 h5+ 46.Kxg5 Rg8+ 47.Kh6 Rf6+ 48.Kxh5 Rf7  0-1

[Event "European Rapid Championship"]
[Site "Warsaw POL"]
[Date "2010.12.19"]
[Round "11"]
[White "Jaracz,P"]
[Black "Dudzinski,Pi"]
[Result "1-0"]
[WhiteElo "2543"]
[BlackElo "2310"]

1.Nf3 d5 2.c4 e6 3.g3 Nf6 4.Bg2 Be7 5.O-O O-O 6.d4 b6 7.Nc3 Bb7 8.Ne5 Nbd7
9.Bf4 c5 10.cxd5 Nxe5 11.Bxe5 Nxd5 12.Nxd5 Bxd5 13.e4 Bc4 14.Qg4 f6 15.Rfc1 fxe5
16.Rxc4 exd4 17.Qxe6+ Kh8 18.e5 Rc8 19.a4 Qc7 20.Be4 Bg5 21.f4 Bh6 22.Rf1 Rce8
23.Qg4 Qe7 24.h4 a6 25.Rfc1 a5 26.Rf1 Qf7 27.Bd3 Qb7 28.Qe2 g6 29.b3 Qd5
30.Qe4 Qe6 31.Kg2 Re7 32.Rf3 Qg4 33.Rc1 Ref7 34.Rcf1 Re7 35.Bc4 Qd7 36.h5 Kg7
37.hxg6 hxg6 38.Bd3 Qe6 39.g4 Ref7 40.f5 gxf5 41.gxf5 Qxb3 42.f6+ Kh8 43.Rh3 Qb2+
44.Kh1 Qd2 45.e6  1-0

[Event "48th ch-IND"]
[Site "New Delhi IND"]
[Date "2010.12.22"]
[Round "13"]
[White "Sundararajan,K"]
[Black "Sengupta,D"]
[Result "0-1"]
[WhiteElo "2449"]
[BlackElo "2558"]

1.Nf3 d5 2.c4 e6 3.g3 c6 4.Bg2 Nf6 5.b3 Be7 6.O-O O-O 7.Bb2 b6 8.d3 Bb7 9.Nbd2 c5
10.cxd5 exd5 11.Nh4 Nc6 12.Nf5 d4 13.e3 Qd7 14.Nxe7+ Qxe7 15.Re1 dxe3 16.Rxe3 Qd8
17.Qf3 Na5 18.Bxf6 Qxf6 19.Qxf6 gxf6 20.Ne4 Kg7 21.Nd6 Bxg2 22.Kxg2 Nc6 23.Nf5+ Kh8
24.Rae1 Rad8 25.R1e2 Ne5 26.f4 Nc6 27.Kf2 a5 28.a3 h5 29.h3 Kh7 30.g4 Nd4
31.Nxd4 Rxd4 32.Kf3 Rfd8 33.gxh5 R8d5 34.Kg4 Rg5+ 35.Kf3 Rxh5 36.Kg3 Rhd5
37.Rd2 Kg6 38.Kg4 Rd8 39.h4 f5+ 40.Kf3 Kh5 41.Rg2 f6 42.Ke2 R4d7 43.Rg1 b5
44.Rc1 Rd5 45.Rg1 c4 46.bxc4 bxc4 47.dxc4 Rd2+ 48.Kf3 Rc2 49.Rge1 Rxc4 50.Re6 Rdd4
51.Rxf6 Rxf4+ 52.Kg3 Rg4+ 53.Kf2 Rcf4+ 54.Ke2 Kxh4 55.Rd1 Re4+ 56.Kf2 Rgf4+
57.Kg1 Rf3 58.Kg2 Rg3+ 59.Kh2 Re2+ 60.Kh1 Kg5 61.Rf8 Rh3+ 62.Kg1 Rxa3 63.Rg8+ Kf4
64.Rf8 Re5 65.Rf1+ Rf3 66.Ra1 Rfe3 67.Kf1 Rf3+ 68.Kg1 Rg3+ 69.Kf2 Rb3 70.Ra8 Rb2+
71.Kf1 Rbb5 72.Kf2 Rec5 73.Ra2 Ke4 74.Ra4+ Kd3 75.Kf3 Kc3 76.Ra1 Kb2 77.Ra4 Rc3+
78.Ke2 Ra3 79.Rd4 Ka2 80.Kd2 Rb2+ 81.Kc1 Ka1 82.Rd5 Raa2  0-1

[Event "3rd Marseille Open"]
[Site "Marseille FRA"]
[Date "2010.12.26"]
[Round "2"]
[White "Giua,F"]
[Black "Mirzoev,A"]
[Result "0-1"]
[WhiteElo "2193"]
[BlackElo "2546"]

1.Nf3 d5 2.c4 d4 3.d3 g6 4.g3 Bg7 5.Bg2 e5 6.O-O Ne7 7.Nbd2 O-O 8.b4 h6 9.Nb3 g5
10.Ne1 Ng6 11.e3 dxe3 12.fxe3 e4 13.d4 f5 14.Rb1 Nd7 15.Qc2 Nf6 16.b5 h5
17.Bh3 g4 18.Bg2 h4 19.gxh4 Nxh4 20.Kf2 Nh7 21.Ke2 Ng5 22.Kd2 a6 23.a4 axb5
24.axb5 Qd6 25.Kd1 Be6 26.c5 Qe7 27.Rf2 Bd5 28.Bf1 Qe6 29.Qc3 Rf6 30.Na5 b6
31.Nb3 Rh6 32.Rbb2 Kh7 33.Nd2 Nhf3 34.Ng2 Nh3 35.Nxf3 exf3 36.Nf4 Nxf4 37.exf4 bxc5
38.Qxc5 Rd8  0-1

[Event "34th Christmas Master Open"]
[Site "Zuerich SUI"]
[Date "2010.12.26"]
[Round "1"]
[White "Jaracz,P"]
[Black "Karrer,D"]
[Result "1-0"]
[WhiteElo "2543"]
[BlackElo "2153"]

1.Nf3 d5 2.c4 c6 3.e3 Nf6 4.Nc3 g6 5.d4 Bg7 6.cxd5 cxd5 7.Bb5+ Bd7 8.Qb3 Bxb5
9.Qxb5+ Qd7 10.Ne5 Qxb5 11.Nxb5 Na6 12.b3 Ne4 13.Ba3 Bxe5 14.dxe5 Kd7 15.f3 Nec5
16.Ke2 b6 17.Rhd1 Kc6 18.Nc3 e6 19.b4  1-0

[Event "19th Donau Open"]
[Site "Aschach AUT"]
[Date "2010.12.27"]
[Round "3"]
[White "Diermair,A"]
[Black "Kubinger,T"]
[Result "1-0"]
[WhiteElo "2387"]
[BlackElo "2227"]

1.Nf3 d5 2.c4 c6 3.g3 Nf6 4.Bg2 e6 5.d4 Nbd7 6.O-O Be7 7.Qc2 O-O 8.Nbd2 b6
9.e4 Bb7 10.e5 Ne8 11.cxd5 exd5 12.Re1 Nc7 13.Nf1 Ne6 14.Ne3 c5 15.Nf5 cxd4
16.N3xd4 Nxd4 17.Nxd4 Nc5 18.Be3 Rc8 19.Bh3 Rc7 20.Rad1 Ba6 21.Qb1 Ne4 22.a3 Qa8
23.Nf5 Bc5 24.Bg2 Bb7 25.Bd4 Qc8 26.Bxc5 bxc5 27.Ne3 Qe6 28.Nxd5 Bxd5 29.Bxe4 Bxe4
30.Qxe4 Qh3 31.Rd2 h6 32.Re3 Qe6 33.Rd6 Qa2 34.Re2 Re8 35.Kg2 a5 36.Qa4 Rce7
37.Qxa5 Rxe5 38.Rxe5 Rxe5 39.Qc3 Rd5 40.Rc6 Qb1 41.Rc8+ Kh7 42.Rc7 Kg8 43.h4 Rf5
44.Rc8+ Kh7 45.Rxc5 Rxc5 46.Qxc5 Qxb2 47.a4  1-0

[Event "Czech Chess Christmas 2010-11"]
[Site "Litomysl CZE"]
[Date "2010.12.27"]
[Round "2.6"]
[White "Lorenc,O"]
[Black "Bures,J"]
[Result "0-1"]
[WhiteElo "2077"]
[BlackElo "2373"]

1.Nf3 d5 2.c4 e6 3.b3 Nf6 4.Bb2 c5 5.g3 Nc6 6.Bg2 d4 7.O-O Be7 8.d3 O-O 9.Na3 e5
10.Nc2 Bf5 11.Nh4 Bg4 12.h3 Be6 13.e3 Qd7 14.exd4 cxd4 15.Kh2 g5 16.Nf3 g4
17.hxg4 Nxg4+ 18.Kg1 Bf5 19.Qd2 Qe6 20.Rad1 a5 21.Ba3 Bxa3 22.Nxa3 Nb4 23.Rfe1 Qf6
24.Qg5+ Qxg5 25.Nxg5 Nxd3 26.Re2 Nc5 27.Nb5 f6 28.Bd5+ Kg7 29.Nf3 Rad8 30.Nh4 Bd3
31.Ree1 Rxd5 32.cxd5 Bxb5 33.Nf5+ Kg6 34.Nd6 Bd7 35.Rc1 Nd3  0-1

[Event "Rilton Cup 2010-11"]
[Site "Stockholm SWE"]
[Date "2010.12.28"]
[Round "2"]
[White "Wihlborn,B"]
[Black "Czarnota,D"]
[Result "1/2-1/2"]
[WhiteElo "1895"]
[BlackElo "2229"]

1.Nf3 d5 2.c4 c6 3.b3 Nf6 4.e3 Bf5 5.Bb2 e6 6.Be2 h6 7.O-O Nbd7 8.d4 Be7
9.Nc3 O-O 10.h3 a5 11.Rc1 Qb6 12.Na4 Qa7 13.Ne5 Nxe5 14.dxe5 Nd7 15.Bd4 Qb8
16.f4 Ba3 17.Bb2 Bxb2 18.Nxb2 Qa7 19.Qd4 Rfc8 20.Qxa7 Rxa7 21.c5 b5 22.Bd3 Bxd3
23.Nxd3  1/2-1/2

[Event "Unna Open 2010"]
[Site "Unna GER"]
[Date "2010.12.28"]
[Round "4.7"]
[White "Maczkowiak,T"]
[Black "Meyer,U"]
[Result "1-0"]
[WhiteElo "1932"]
[BlackElo "2018"]

1.Nf3 d5 2.c4 dxc4 3.g3 Bf5 4.Bg2 c6 5.a4 e6 6.O-O Nf6 7.Ne5 Qd4 8.Nf3 Qc5
9.Nc3 Na6 10.Re1 Ne4 11.Nxe4 Bxe4 12.b3 Nb4 13.Ba3 Bc2 14.Bxb4 Qf5 15.Qc1 Bxb4
16.Nd4 Qf6 17.Nxc2 cxb3 18.Nxb4 b2 19.Bxc6+ Kd8 20.Qc5 bxa1=Q 21.Qd6+ Kc8
22.Qd7+  1-0

[Event "Rilton Cup 2010-11"]
[Site "Stockholm SWE"]
[Date "2010.12.29"]
[Round "3"]
[White "Grandelius,N"]
[Black "Sokolov,Ivan"]
[Result "1-0"]
[WhiteElo "2525"]
[BlackElo "2642"]

1.Nf3 d5 2.c4 dxc4 3.e3 Be6 4.Ng5 Bd5 5.e4 Bc6 6.Bxc4 e6 7.d3 Be7 8.Qg4 Nf6
9.Qh3 Qd7 10.O-O Na6 11.a3 b5 12.Ba2 Nc5 13.Nc3 a5 14.Be3 h5 15.Rfd1 b4 16.Ne2 Ng4
17.Bxc5 Bxc5 18.d4 Bb6 19.Qd3 Qe7 20.Nf3 Rd8 21.Bc4 Bb7 22.axb4 Qxb4 23.Rac1 O-O
24.h3 Nf6 25.e5 Ne4 26.Nf4 Qxb2 27.Qe3 g6 28.Nd3 Qa3 29.Qh6 Rfe8 30.Bb5 Qf8
31.Qf4 Bxd4 32.Bxe8 Qxe8 33.Rxc7 Nc3 34.Re1 Bxf3 35.Qxf3 Nd5 36.Rb7 a4 37.Re4 a3
38.Rxd4 a2 39.Ra4 Rb8 40.Rba7 Nc3 41.Rxa2  1-0

[Event "Rilton Cup 2010-11"]
[Site "Stockholm SWE"]
[Date "2010.12.29"]
[Round "3"]
[White "Jansson,A"]
[Black "Wihlborn,B"]
[Result "1/2-1/2"]
[WhiteElo "2171"]
[BlackElo "1895"]

1.Nf3 d5 2.c4 c6 3.d4 Nf6 4.Nc3 Bf5 5.cxd5 cxd5 6.Qb3 b6 7.Ne5 a6 8.Bg5 e6
9.Rc1 Be7 10.Na4 b5 11.Nc5 O-O 12.e3 Qa5+ 13.Qc3 Qxc3+ 14.bxc3 Ra7 15.Nb3  1/2-1/2

[Event "Hastings Masters 2010-11"]
[Site "Hastings ENG"]
[Date "2010.12.31"]
[Round "4.35"]
[White "Grant,A"]
[Black "Spanton,T"]
[Result "1-0"]
[WhiteElo "2219"]
[BlackElo "2030"]

1.Nf3 d5 2.c4 e6 3.g3 Nf6 4.Bg2 c5 5.O-O Nc6 6.b3 d4 7.Bb2 e5 8.e3 Bd6 9.exd4 cxd4
10.a3 a5 11.d3 O-O 12.Nbd2 Bf5 13.Qc2 Nd7 14.Nh4 Bg4 15.h3 Be6 16.Rae1 Qe7
17.f4 f6 18.fxe5 Bxe5 19.Nf5 Bxf5 20.Rxf5 g6 21.Rff1 Nc5 22.Nf3 Qd6 23.Nxe5 Nxe5
24.Bd5+ Kg7 25.Bxd4 Nexd3 26.Re3 Ne5 27.Rxf6 Rxf6 28.Bxe5 Qe7 29.Qc3 Rf8
30.Bxf6+ Qxf6 31.Re7+ Kh8 32.Qxf6+ Rxf6 33.b4 axb4 34.axb4 Nd3 35.Rxb7 Rf2
36.Be4 Rd2 37.Rd7 Rd1+ 38.Kh2 Rd2+ 39.Bg2  1-0

[Event "Rilton Cup 2010-11"]
[Site "Stockholm SWE"]
[Date "2010.12.31"]
[Round "5"]
[White "Berczes,D"]
[Black "Tikkanen,H"]
[Result "1-0"]
[WhiteElo "2526"]
[BlackElo "2550"]

1.Nf3 d5 2.c4 c6 3.g3 dxc4 4.Bg2 b5 5.a4 Bb7 6.b3 b4 7.bxc4 c5 8.a5 a6 9.O-O Nf6
10.e3 e6 11.d4 Qc7 12.d5 exd5 13.cxd5 Bxd5 14.e4 Bxe4 15.Bf4 Qb7 16.Re1 Be7
17.Nbd2 Bd5 18.Nh4 Qd7 19.Bd6 Nc6 20.Bxd5 Nxd5 21.Ne4 Nc3 22.Nxc3 bxc3 23.Bxe7 Nxe7
24.Qxd7+ Kxd7 25.Rad1+ Kc6 26.Rxe7 Rhe8 27.Rxf7 c2 28.Rc1 Re2 29.Nf3 Rae8
30.Kf1 Kb5 31.Rb7+ Kc4 32.Rc7 h5 33.h4 g6 34.Rc8 R8e7 35.Rc7 Re8 36.Rc8 R8e7
37.Rc6 Kb4 38.Rc7 Re8 39.Rc8 R8e7 40.Rc7 Re8 41.Rc8 R8e7 42.Rc6 Re8 43.Rxa6 Kc3
44.Rb6 Rd2 45.Nxd2 Kxd2 46.Ra1 c1=Q+ 47.Rxc1 Kxc1 48.Rc6 Re5 49.a6 Kd2 50.Kg2 g5
51.a7 Re8 52.hxg5 Ra8 53.Rxc5 Rxa7 54.g6 Rg7 55.Rg5 Kd3 56.f4 Ke4 57.Kh3 Kf3
58.f5 Rd7 59.f6 Rd1 60.Rf5+ Ke4 61.Rf4+  1-0

[Event "Berkeley Int Open"]
[Site "Berkeley USA"]
[Date "2011.01.02"]
[Round "1"]
[White "Hess,Ro"]
[Black "Shivaji,S1"]
[Result "1-0"]
[WhiteElo "2572"]
[BlackElo "2303"]

1.Nf3 d5 2.c4 e6 3.d4 Be7 4.Nc3 Nf6 5.Bg5 h6 6.Bxf6 Bxf6 7.e3 c6 8.Bd3 Nd7
9.O-O O-O 10.Rc1 dxc4 11.Bxc4 e5 12.Bb3 exd4 13.exd4 Nb6 14.Qd3 Bg4 15.Rfd1 Re8
16.h3 Be6 17.Bxe6 Rxe6 18.Qf5 Qe7 19.b3 Rd8 20.Qa5 Qc7 21.Na4 Red6 22.Qxa7 Nxa4
23.bxa4 Rd5 24.Rc4 Ra5 25.Rxc6 Rxa7 26.Rxc7 Rxa4 27.Rxb7 Rxa2 28.Rc1 Bxd4
29.Nxd4 Rxd4 30.Rc8+ Kh7 31.Rxf7 Rd1+ 32.Kh2 Rd6 33.Rcc7 Rg6 34.h4 Rb2 35.Kh3 Rb1
36.g3 Rb3 37.Rf5 Rd3 38.h5 Rg5 39.Rxg5 hxg5 40.Kg4 Rd5 41.Rc6  1-0

[Event "23rd Staufer-Open"]
[Site "Leinzell GER"]
[Date "2011.01.03"]
[Round "4"]
[White "Burmakin,V"]
[Black "Dorst,J"]
[Result "1-0"]
[WhiteElo "2603"]
[BlackElo "2168"]

1.Nf3 d5 2.c4 c6 3.b3 Nf6 4.Bb2 Bf5 5.e3 e6 6.Be2 h6 7.O-O Nbd7 8.Nc3 Be7
9.d4 O-O 10.c5 Qc7 11.b4 b5 12.a4 a6 13.Qb3 Ne4 14.Ra2 Ndf6 15.axb5 axb5
16.Rfa1 Rxa2 17.Qxa2 Rb8 18.Qa5 Rb7 19.Qxc7 Rxc7 20.Ra8+ Kh7 21.Ne5 Nxc3
22.Bxc3 Ne4 23.Be1 f6 24.Nd3 Ng5 25.f3 Nf7 26.g4 Bg6 27.Nf4 Nd8 28.Bd3 Bxd3
29.Nxd3 Kg6 30.Bg3 Rd7 31.Nc1 Nf7 32.Ra6 e5 33.Nb3 Nd8 34.dxe5 fxe5 35.Bxe5 Bf6
36.Bxf6 Kxf6 37.Nd4 Ke5 38.h4 Rc7 39.Kf2 g5 40.h5 Rd7 41.Ke2 Rc7 42.Ra8  1-0

[Event "53rd Masters"]
[Site "Reggio Emilia ITA"]
[Date "2011.01.03"]
[Round "6"]
[White "Navara,D"]
[Black "Godena,M"]
[Result "1-0"]
[WhiteElo "2708"]
[BlackElo "2549"]

1.Nf3 d5 2.c4 e6 3.d4 a6 4.cxd5 exd5 5.Nc3 c6 6.Bf4 Bd6 7.Bxd6 Qxd6 8.e4 Ne7
9.e5 Qd8 10.Bd3 Bg4 11.h3 Bh5 12.g4 Bg6 13.Bxg6 Nxg6 14.Qb3 Qe7 15.Ne2 a5
16.a3 a4 17.Qe3 c5 18.dxc5 Nd7 19.O-O-O Nxc5 20.Nc3 Rc8 21.Kb1 Ne6 22.Nxd5 Qc5
23.Rc1 Qxe3 24.Rxc8+ Kd7 25.fxe3 Kxc8 26.Nb6+ Kb8 27.Nxa4 h5 28.g5 Rd8 29.Kc2 Nc7
30.Rd1 Re8 31.Nb6 Re6 32.Rd8+ Ka7 33.Nc8+ Ka6 34.Nd4 Rxe5 35.Rd6+ Ka5 36.b4+ Ka4
37.Kb2 Na8 38.Ne2  1-0

[Event "1st HDBank Cup"]
[Site "Ho Chi Minh City VIE"]
[Date "2011.01.04"]
[Round "1.17"]
[White "Nguyen Van Huy"]
[Black "Ton,T"]
[Result "1/2-1/2"]
[WhiteElo "2449"]
[BlackElo "2232"]

1.Nf3 d5 2.c4 c6 3.e3 g6 4.d4 Bg7 5.Nc3 Nf6 6.Be2 O-O 7.O-O Nbd7 8.b4 Ne4
9.Bb2 Nxc3 10.Bxc3 dxc4 11.Bxc4 c5 12.bxc5 Nxc5 13.Ng5 Qe8 14.Rc1 Na4 15.Ba1 Nb6
16.Bb3 a5 17.a3 a4 18.Ba2 e6 19.Ne4 Qe7 20.Nc5 Nd7 21.Bc3 b6 22.Nd3 Qxa3
23.Qd2 Ba6 24.Nb4 Nc5 25.Bb2 Ne4 26.Bxa3 Nxd2 27.Rfd1 Nb3 28.Bxb3 axb3 29.Nxa6 Rfd8
30.Be7 Rd7 31.Bb4 b2 32.Rc2 Rda7 33.Rxb2 Rxa6 34.g4 Bf8 35.Kg2 Rc8 36.Rdb1 Rc6
37.h4 Bxb4 38.Rxb4 h6 39.Rb5 Kg7 40.Kf3 Kf6 41.h5 g5 42.Ke4 Ra2 43.Rxb6 Rc3
44.R1b2 Ra1 45.Rb7 Rg1 46.Rd7 Rxg4+ 47.Kf3 Rf4+ 48.Kg3 Rf5 49.Rd8 g4 50.Kxg4 Rc1
51.f4 Rg1+ 52.Kf3 Rxh5 53.Ke4 Re1 54.Rb3 Rh3 55.Rd7 h5 56.d5 exd5+ 57.Rxd5 Kg6
58.Ra5 Kf6 59.Rb6+ Ke7 60.Rb7+ Kf6 61.Rf5+ Kg6 62.Rb6+ Kg7 63.Rg5+ Kf8 64.Rb3 Ke7
65.Ra3 Re2 66.Rb5 Kf6 67.Rb6+ Kg7 68.Rb7 Kg6 69.Ra6+ Kg7 70.Raa7 Kg6 71.Ra6+ Kg7
72.Kf5 Rhxe3 73.Raa7 Rc3 74.Rxf7+ Kg8 75.Rab7 Rc5+ 76.Kf6 Rc6+ 77.Kg5 Rc5+
78.Kh4 Re8 79.Rg7+ Kh8 80.Rgf7 Kg8 81.f5 Re1 82.Kxh5 Rh1+ 83.Kg5 Rg1+ 84.Kf6 Rc6+
85.Ke5 Re1+ 86.Kd5 Rc8 87.Rg7+ Kf8 88.Rgf7+ Kg8 89.Rfd7 Kf8 90.Rd6 Rd1+ 91.Ke5 Rc5+
92.Ke6 Rxd6+ 93.Kxd6 Rxf5  1/2-1/2

[Event "1st HDBank Cup"]
[Site "Ho Chi Minh City VIE"]
[Date "2011.01.04"]
[Round "1.18"]
[White "Shao Shuai"]
[Black "Nguyen Duc Hoa"]
[Result "0-1"]
[WhiteElo "2222"]
[BlackElo "2446"]

1.Nf3 d5 2.c4 e6 3.e3 Nf6 4.b3 Be7 5.Bb2 O-O 6.Qc2 c5 7.a3 Nc6 8.d4 cxd4
9.Nxd4 Nxd4 10.Bxd4 b6 11.cxd5 Qxd5 12.Nc3 Qc6 13.Bd3 Bb7 14.f3 Rac8 15.Qb2 Rfd8
16.Nb5 e5 17.Nxa7 Qd6 18.Nxc8 Bxc8 19.Bxh7+ Nxh7 20.Bxe5 Qd3 21.Bd4 Ng5 22.Kf2 Nxf3
23.Kxf3 Bh4 24.g3 Qf5+ 25.Ke2 Ba6+ 26.Ke1 Rxd4 27.Qxd4 Bf6 28.Qxb6 Bc3+  0-1

[Event "1st HDBank Cup"]
[Site "Ho Chi Minh City VIE"]
[Date "2011.01.04"]
[Round "1.19"]
[White "Nguyen Thanh Son"]
[Black "Nguyen Thanh Nghia"]
[Result "1-0"]
[WhiteElo "2437"]
[BlackElo "2207"]

1.Nf3 d5 2.c4 c6 3.e3 Nf6 4.Qc2 e6 5.b3 Be7 6.Bb2 Nbd7 7.g4 h6 8.Rg1 b6 9.Nc3 Bb7
10.O-O-O Qc7 11.h4 O-O-O 12.g5 hxg5 13.hxg5 Ne8 14.cxd5 exd5 15.g6 f6 16.Nd4 Nf8
17.Nf5 Kb8 18.d4 Bc8 19.Bd3 Ne6 20.Nb5 Qd7 21.Nxe7 Qxe7 22.Qxc6 Bb7 23.Qc2 Rc8
24.Nc3 Nd6 25.Kb1 Ng5 26.Ba3 Qe6 27.Bxd6+ Qxd6 28.Qb2 Rh2 29.Rh1 Rch8 30.Rxh2 Rxh2
31.Nb5 Qe7 32.Qa3 Qxa3 33.Nxa3 Nf3 34.Nb5 Bc6 35.Rc1 Bd7 36.Nc3 Be6 37.Nb5 Nh4
38.Nc7 Bf5 39.Na6+ Ka8 40.Bxf5 Nxf5 41.Rc7 Rxf2 42.b4 b5 43.a4 Rg2 44.Rd7  1-0

[Event "23rd Staufer-Open"]
[Site "Leinzell GER"]
[Date "2011.01.04"]
[Round "6"]
[White "Pribyl,Jo"]
[Black "Graf,A"]
[Result "0-1"]
[WhiteElo "2331"]
[BlackElo "2621"]

1.Nf3 d5 2.c4 e6 3.b3 c5 4.g3 Nc6 5.Bg2 Nf6 6.O-O Be7 7.e3 O-O 8.Bb2 Re8
9.d3 Bf8 10.Nc3 d4 11.exd4 cxd4 12.Ne4 Nxe4 13.dxe4 e5 14.Ne1 Qa5 15.Nd3 b5
16.cxb5 Qxb5 17.f4 Ba6 18.Nxe5 Nxe5 19.fxe5 Bc5 20.Kh1 Qb6 21.Rf5 d3 22.Qh5 g6
23.Qh4 gxf5 24.exf5 Rad8 25.f6 Re6 26.Rd1 Qb5 27.Be4 Kf8 28.Qxh7 Ke8 29.Kg2 Bb7
30.Kf3 d2 31.Bxb7 Qxb7+ 32.Kf4 Qg2 33.Qg8+ Bf8 34.Ba3 Rd4+ 35.Ke3 Re4+ 36.Kd3 Qf3+  0-1

[Event "Australian Open"]
[Site "Cammeray AUS"]
[Date "2011.01.06"]
[Round "5.25"]
[White "Van der Wal,F"]
[Black "Chibnall,Alana"]
[Result "1-0"]
[WhiteElo "1906"]
[BlackElo "1807"]

1.Nf3 d5 2.c4 d4 3.g3 Nc6 4.Bg2 Nf6 5.O-O e5 6.d3 Be7 7.b4 Bxb4 8.Nxe5 Nxe5
9.Qa4+ Bd7 10.Qxb4 Nc6 11.Qc5 Rb8 12.Ba3 Qe7 13.Qg5 Qe5 14.Qxg7 Rg8 15.Qh6 Ng4
16.Qh4 Rg6 17.Qxh7 Ne7 18.Nd2 Nf6 19.Qh4 Nf5 20.Nf3 Qa5 21.Qh8+ Rg8 22.Qxf6 Qxa3
23.Nxd4 Qb2 24.Bd5  1-0

[Event "1st HDBank Cup"]
[Site "Ho Chi Minh City VIE"]
[Date "2011.01.06"]
[Round "5.10"]
[White "Nguyen Van Huy"]
[Black "Pham Chuong"]
[Result "1/2-1/2"]
[WhiteElo "2449"]
[BlackElo "2376"]

1.Nf3 d5 2.c4 e6 3.g3 Nf6 4.Bg2 Be7 5.O-O O-O 6.b3 b6 7.Bb2 Bb7 8.e3 Nbd7
9.Qe2 c5 10.Nc3 Rc8 11.Rfd1 Qc7 12.cxd5 Nxd5 13.Rac1 Qb8 14.e4 Nb4 15.d4 cxd4
16.Nxd4 Rfd8 17.a3 Nc6 18.Nxc6 Bxc6 19.Nd5 Bf8 20.Ne3 Bb7 21.Ng4 h5 22.Rxc8 Qxc8
23.Ne3 Nc5 24.Rc1 Qd7 25.Qxh5 Nxe4 26.Rd1 Qe7 27.Rxd8 Qxd8 28.Qd1 Qe7 29.h4 Qc7
30.b4 Nd6 31.h5 Bxg2 32.Kxg2 Qc6+ 33.Kg1 Qe4 34.h6 gxh6 35.Ng4 Ne8 36.f3 Qg6
37.Kg2 h5 38.Ne5 Qf5 39.Nc6 a6 40.Qd2 Ng7 41.Qc3 Qg5 42.Bc1 Qd5 43.Bb2 Qg5
44.Bc1 Qg6 45.Ne5 Qf6 46.Qc7 Nf5 47.Bf4 h4 48.Bg5 Qg7 49.g4 Nd6 50.Bf4 f6
51.Nd7 e5 52.Be3 f5 53.g5 f4 54.Nf6+ Kh8 55.Qxg7+ Kxg7 56.Bxb6 Nc4 57.Bc7 Kg6
58.Nd7 Bg7 59.a4 Kxg5 60.Nc5 Kf5 61.b5 axb5 62.axb5 Bf8 63.Ne4 Ke6 64.Bd8 Be7
65.Bxe7 Kxe7 66.Kh3 Kd7 67.Kxh4 Kc7 68.Kg5 Kb6 69.Nc3 Kc5 70.Ne2  1/2-1/2